[Event "olm"]
[Site "Moscow olm"]
[Date "1994.??.??"]
[Round "?"]
[White "Topalov, Veselin"]
[Black "Kasparov, Gary"]
[Result "1-0"]
[WhiteElo "2640"]
[BlackElo "2805"]
[PlyCount "28"]
[EventDate "1994.??.??"]
[Source "www.chesslib.no"]
[SourceDate "2004.05.04"]

1. e4 c5 2. Nf3 d6 3. d4 Nf6 4. Nc3 cxd4 5. Nxd4 a6 6. Be3 e6 7. g4 h6 8. f4 Nc6 9. Be2 e5 10. Nf5 g6 11. Ng3 exf4 12. Bxf4 Be6 13. Rf1 Rc8 14. h3 Qb6 1-0

[Event "Polanica Zdroj 73/283"]
[Site "?"]
[Date "1998.??.??"]
[Round "?"]
[White "Leko, Peter"]
[Black "Shirov, Alexei"]
[Result "1/2-1/2"]
[WhiteElo "2665"]
[BlackElo "2720"]
[PlyCount "51"]
[EventDate "1998.??.??"]
[Source "ChessBase"]
[SourceDate "1998.06.01"]

1. e4 c5 2. Nf3 d6 3. d4 cxd4 4. Nxd4 Nf6 5. Nc3 a6 6. Be3 e6 7. g4 h6 8. f4 e5 9. Nf5 h5 10. g5 Nxe4 11. Nxe4 Bxf5 12. Bg2 Nc6 13. O-O Qd7 14. fxe5 Nxe5 15. Bf4 Be7 16. Nxd6+ Bxd6 17. Bxe5 Bxe5 18. Qxd7+ Kxd7 19. Rxf5 f6 20. Bxb7 Ra7 21. Bd5 Bxb2 22. Rd1 Be5 23. gxf6 gxf6 24. Rxh5 Rxh5 25. Bf7+ Kc6 26. Bxh5 1/2-1/2

[Event "Mar del Plata ARG"]
[Site "Mar del Plata ARG"]
[Date "1982.??.??"]
[Round "?"]
[White "Karpov, Anatoly"]
[Black "Timman, Jan Hein"]
[Result "0-1"]
[WhiteElo "2720"]
[BlackElo "2655"]
[PlyCount "25"]
[EventDate "1982.??.??"]
[Source "www.chesslib.no"]
[SourceDate "2004.05.04"]

1. e4 c5 2. Nf3 e6 3. d4 cxd4 4. Nxd4 Nf6 5. Nc3 d6 6. g4 h6 7. Rg1 Be7 8. Be3 Nc6 9. Be2 a6 10. Qd2 Nxd4 11. Qxd4 e5 12. Qd2 b5 13. g5 0-1

[Event "Hilversum (m/6)"]
[Site "?"]
[Date "1991.??.??"]
[Round "?"]
[White "Ivanchuk, V."]
[Black "Timman, J."]
[Result "0-1"]
[WhiteElo "2735"]
[BlackElo "2630"]
[PlyCount "66"]
[EventDate "1991.??.??"]
[Source "ChessBase"]
[SourceDate "1991.10.01"]

1. e4 c5 2. Nf3 d6 3. d4 cxd4 4. Nxd4 Nf6 5. Nc3 e6 6. g4 h6 7. h4 Be7 8. Rg1 d5 9. Bf4 Bb4 10. Ndb5 Nc6 11. Nc7+ Kf8 12. Nxa8 Nxe4 13. a3 Qxh4 14. Bg3 Bxc3+ 15. bxc3 Qf6 16. Qd3 Nxc3 17. Bg2 Bd7 18. Nc7 Ke7 19. Kd2 d4 20. f4 Rc8 21. Nb5 Na5 22. Nxd4 Rc4 23. Bf2 Qxf4+ 24. Be3 Qh2 25. Rae1 Nd5 26. Kc1 Rc3 27. Qd2 Nc4 28. Bxd5 Nxd2 29. Bxd2 Qc7 30. Bxc3 Qxc3 31. Nb3 Ba4 32. Re4 Bxb3 33. Bxb3 Qa1+ 0-1

[Event "Mind Sports Games - Rapid Team"]
[Site "Pechino CINA"]
[Date "2008.10.15"]
[Round "5"]
[White "Almasi, Z."]
[Black "Sasikiran, K."]
[Result "1-0"]
[WhiteElo "2663"]
[BlackElo "2694"]
[PlyCount "113"]
[EventDate "2008.10.14"]
[Source "www.chesslib.no"]
[SourceDate "2004.05.04"]

1. e4 c5 2. Nf3 d6 3. d4 cxd4 4. Nxd4 Nf6 5. Nc3 a6 6. Be3 e6 7. g4 e5 8. Nf5 g6 9. g5 gxf5 10. exf5 d5 11. Qf3 d4 12. O-O-O Qd7 13. Bxd4 exd4 14. Bc4 Nc6 15. Rhe1+ Kd8 16. gxf6 Kc7 17. Be6 Qd6 18. Ne4 Bh6+ 19. Kb1 Qf4 20. Qh5 fxe6 21. fxe6 Bxe6 22. Nc5 Bg4 23. Qf7+ Kb6 24. Re4 Kxc5 25. Rxf4 Bxf4 26. Rg1 h5 27. Qxb7 Rhb8 28. Qh7 Bxh2 29. Rxg4 hxg4 30. Qxh2 Rf8 31. Qf4 Rae8 32. a3 Re6 33. Qf5+ Kd6 34. Qxg4 Rexf6 35. Qg3+ Kd7 36. Qh3+ Kc7 37. Qg3+ Kb7 38. Qb3+ Ka7 39. Qc4 Rxf2 40. Qxc6 R2f4 41. Qc7+ Ka8 42. b4 R4f6 43. Kb2 Rb8 44. Qd7 Rfb6 45. Qxd4 Rc6 46. Qd5 Rbc8 47. c4 Kb8 48. c5 Rh6 49. Qe5+ Ka8 50. Qe4+ Ka7 51. Kb3 a5 52. Qe7+ Ka8 53. Qd7 Rb8 54. b5 Rh5 55. b6 a4+ 56. Qxa4+ Kb7 57. Qa7+ 1-0

[Event "Tournament (computers)"]
[Site "Internet"]
[Date "2008.01.26"]
[Round "3"]
[White "Computer \"]
[Black "Computer \"]
[Result "1-0"]
[WhiteElo "2817"]
[BlackElo "2529"]
[PlyCount "78"]
[EventDate "2008.??.??"]
[Source "www.chesslib.no"]
[SourceDate "2004.05.04"]

1. e4 c5 2. Nf3 d6 3. d4 cxd4 4. Nxd4 Nf6 5. Nc3 e6 6. g4 h6 7. h4 Nc6 8. Rg1 h5 9. gxh5 Nxh5 10. Bg5 Nf6 11. Rg3 a6 12. Nxc6 bxc6 13. Qf3 Rb8 14. b3 Be7 15. Be2 Qc7 16. Qe3 Bb7 17. O-O-O Bf8 18. Kb1 Nh5 19. Rgg1 f6 20. e5 dxe5 21. Qh3 Qf7 22. Bc4 Bc8 23. Qd3 Bd7 24. Ne4 Rd8 25. Bd2 Nf4 26. Bxf4 exf4 27. Bxe6 Qxe6 28. Rge1 Be7 29. Nd6+ Kf8 30. Rxe6 Bxe6 31. Qxa6 Bg4 32. Rg1 Rxh4 33. Nb7 Rd2 34. Na5 Rd1+ 35. Rxd1 Bxd1 36. Nxc6 Bg4 37. Nxe7 Kxe7 38. Qb7+ Bd7 39. a4 g5 1-0

[Event "Ostrava m"]
[Site "Ostrava"]
[Date "1998.11.18"]
[Round "5"]
[White "Hracek, Zbynek"]
[Black "Shirov, Alexei"]
[Result "1-0"]
[WhiteElo "2615"]
[BlackElo "2720"]
[PlyCount "119"]
[EventDate "1998.11.14"]
[Source "ChessBase"]
[SourceDate "1999.02.01"]

1. e4 c5 2. Nf3 d6 3. d4 cxd4 4. Nxd4 Nf6 5. Nc3 e6 6. g4 h6 7. h4 Be7 8. Be3 Nc6 9. Rg1 h5 10. gxh5 Nxh5 11. Bg5 Nf6 12. Qd2 Nxd4 13. Qxd4 Qb6 14. Bb5+ Kf8 15. Qxb6 axb6 16. O-O-O Nd7 17. Na4 f6 18. Bf4 e5 19. Bxd7 Bxd7 20. Nxb6 Kf7 21. Nxa8 Rxa8 22. Be3 Rxa2 23. Kb1 Be6 24. b3 Ra8 25. f3 Rh8 26. Bf2 f5 27. Kb2 fxe4 28. fxe4 Bd7 29. Rh1 Bc6 30. Rde1 Ke6 31. Bg3 Rh6 32. Rhg1 Bf6 33. Bf2 Kf7 34. Rd1 Ke6 35. Rg4 Be8 36. Rd3 Bh5 37. Rg1 Bg6 38. Be3 Bxe4 39. Bxh6 gxh6 40. Rh3 Bf5 41. Rh2 e4+ 42. c3 b5 43. b4 h5 44. Rg8 Bg4 45. Kc2 Be5 46. Rg2 Bf6 47. R2xg4 hxg4 48. Rxg4 Kf5 49. Rg8 Bxh4 50. Rb8 d5 51. Rxb5 Ke6 52. Rb6+ Kd7 53. Rg6 Kc7 54. Kd2 Bf2 55. Ke2 Bb6 56. Re6 Bg1 57. c4 dxc4 58. Rxe4 Kb6 59. Rxc4 Kb5 60. Kd3 1-0

[Event "Ostrava m"]
[Site "Ostrava"]
[Date "1998.11.14"]
[Round "1"]
[White "Hracek, Zbynek"]
[Black "Shirov, Alexei"]
[Result "0-1"]
[WhiteElo "2615"]
[BlackElo "2720"]
[PlyCount "54"]
[EventDate "1998.11.14"]
[Source "ChessBase"]
[SourceDate "1999.02.01"]

1. e4 c5 2. Nf3 d6 3. d4 cxd4 4. Nxd4 Nf6 5. Nc3 e6 6. g4 h6 7. h4 Be7 8. Rg1 d5 9. exd5 Nxd5 10. Nxd5 Qxd5 11. Be3 Nc6 12. Nxc6 Qxc6 13. Qd4 Bf6 14. Qb4 a5 15. Qb3 a4 16. Qb4 Be7 17. Qd2 e5 18. O-O-O Be6 19. Bg2 Qc7 20. Kb1 Bxg4 21. Bxb7 Rd8 22. Bd5 Bxd1 23. Qxd1 Qd6 24. c4 O-O 25. Qxa4 e4 26. Bd4 Bf6 27. c5 Qh2 0-1

[Event "Ostrava (m/3) 74/258"]
[Site "?"]
[Date "1998.??.??"]
[Round "?"]
[White "Hracek, Zbynek"]
[Black "Shirov, Alexei"]
[Result "0-1"]
[WhiteElo "2615"]
[BlackElo "2720"]
[PlyCount "64"]
[Source "ChessBase"]
[SourceDate "1998.10.01"]

1. e4 c5 2. Nf3 e6 3. d4 cxd4 4. Nxd4 Nf6 5. Nc3 d6 6. g4 h6 7. h3 Nc6 8. Be3 a6 9. f4 Qc7 10. Bg2 Na5 11. Qe2 Nc4 12. O-O-O Bd7 13. Kb1 Rc8 14. Bc1 b5 15. Rhe1 Be7 16. g5 hxg5 17. fxg5 Nh5 18. g6 fxg6 19. Bf3 b4 20. Bxh5 gxh5 21. Qg2 bxc3 22. Qxg7 Rf8 23. Bg5 Rf7 24. Qg8+ Bf8 25. Rf1 Bc6 26. Nxc6 cxb2 27. Qg6 Na3+ 28. Kxb2 Qb7+ 29. Kc1 Rxc6 30. Qxe6+ Qe7 31. Rxd6 Rxc2+ 32. Kd1 Rxf1# 0-1

[Event "Biel"]
[Site "?"]
[Date "2000.??.??"]
[Round "?"]
[White "Svidler, P."]
[Black "Van Wely, L."]
[Result "1-0"]
[WhiteElo "2685"]
[BlackElo "2640"]
[PlyCount "67"]
[EventDate "2000.??.??"]
[Source "Chess Informant"]
[SourceDate "2000.06.01"]

1. e4 c5 2. Nf3 d6 3. d4 cxd4 4. Nxd4 Nf6 5. Nc3 a6 6. Be3 e6 7. g4 e5 8. Nf5 g6 9. Bg2 d5 10. Bg5 gxf5 11. Nxd5 Be7 12. Bxf6 Bxf6 13. exf5 h5 14. h3 Bd7 15. Qd3 hxg4 16. O-O-O gxh3 17. Rxh3 Rxh3 18. Qxh3 Bc6 19. Qh7 Kf8 20. Be4 Bxd5 21. Bxd5 Qd7 22. Bf3 Qc7 23. Rg1 Qc4 24. Bxb7 e4 25. Qg8+ Ke7 26. Bxa8 Qxa2 27. Qxb8 Qa1+ 28. Kd2 Qxg1 29. Qb4+ Kd7 30. Qb7+ Kd8 31. Qb6+ Ke7 32. Qc5+ Kd8 33. Qd6+ Kc8 34. Qc6+ 1-0

[Event "Frankfurt-West Masters"]
[Site "Frankfurt"]
[Date "1999.07.01"]
[Round "9"]
[White "Topalov, Veselin"]
[Black "Lutz, Christopher"]
[Result "1-0"]
[WhiteElo "2700"]
[BlackElo "2610"]
[PlyCount "75"]
[EventDate "1999.06.29"]
[Source "ChessBase"]
[SourceDate "1999.10.01"]

1. e4 c5 2. Nf3 d6 3. d4 cxd4 4. Nxd4 Nf6 5. Nc3 a6 6. Be3 e6 7. g4 h6 8. Bg2 Nc6 9. h3 Bd7 10. f4 Rc8 11. O-O Nxd4 12. Bxd4 Bc6 13. Qf3 Qa5 14. Qf2 e5 15. Bb6 Qb4 16. Rab1 Nd7 17. Be3 exf4 18. Bxf4 Be7 19. Bd2 Qc5 20. Be3 Qc4 21. Ne2 O-O 22. Nd4 Bf6 23. b3 Qb4 24. Nf5 Rce8 25. Rbd1 Rxe4 26. Nxd6 Re6 27. Bxc6 bxc6 28. Nf5 Qb7 29. c4 c5 30. Rd5 Be5 31. Rfd1 Nf6 32. Rd8 Ree8 33. R8d3 Ne4 34. Qg2 Qc7 35. Rd7 Rd8 36. Rxd8 Rxd8 37. Rxd8+ Qxd8 38. Qxe4 1-0

[Event "Porzellan Cup"]
[Site "Dresden"]
[Date "2000.??.??"]
[Round "2.1"]
[White "Shirov, Alexei"]
[Black "Boensch, Uwe"]
[Result "1-0"]
[WhiteElo "2750"]
[BlackElo "2545"]
[PlyCount "53"]
[EventDate "2000.01.??"]
[Source "ChessBase"]
[SourceDate "2000.03.10"]

1. e4 c5 2. Nf3 d6 3. d4 cxd4 4. Nxd4 Nf6 5. Nc3 e6 6. g4 h6 7. h3 Nc6 8. Be3 a6 9. f4 Qa5 10. Bg2 Nxd4 11. Qxd4 e5 12. Qd3 exf4 13. Bxf4 Be6 14. O-O-O Be7 15. Bxd6 Rd8 16. Qg3 Bxa2 17. Bc7 Qg5+ 18. Bf4 Qa5 19. Bc7 Qg5+ 20. Qf4 Qxf4+ 21. Bxf4 Bc4 22. e5 Nd7 23. Bxb7 O-O 24. Nd5 Bg5 25. Bxg5 hxg5 26. Ne7+ Kh7 27. Nc6 1-0